Nobel Prize For Literature/ (Record no. 185771)

MARC details
000 -LEADER
fixed length control field 00638nam a22001817a 4500
005 - DATE AND TIME OF LATEST TRANSACTION
control field 20220209121558.0
010 ## - LCCN (DPL NO)
LC control number ENG-131476
020 ## - INTERNATIONAL STANDARD BOOK NUMBER
International Standard Book Number 978-93-5396-743-7
Terms of availability 700.00
035 ## - SYSTEM CONTROL NUMBER
System control number EN-115008
037 ## - SOURCE OF ACQUISITION
Source of stock number/acquisition DBAD
082 ## - DEWEY DECIMAL CLASSIFICATION NUMBER
Classification number 833.914
100 ## - MAIN ENTRY--PERSONAL NAME
Personal name Sarkar, Dilip Kumar
245 ## - TITLE STATEMENT
Title Nobel Prize For Literature/
Statement of responsibility, etc Dilip Kumar Sarkar
260 ## - PUBLICATION, DISTRIBUTION, ETC. (IMPRINT)
Place of publication, distribution, etc Kolkata
Name of publisher, distributor, etc Principal Dilip Kumar Sarkar
Date of publication, distribution, etc 2020
270 ## - ADDRESS
Address C-4/2, "triparna".39A Gobinda Auddy Road
City Kolkata
Postal code 700027
Telephone number 9433300241
Electronic mail address dilipsar@gmail.com
300 ## - PHYSICAL DESCRIPTION
Extent 784 p.
Dimensions 21cm(pbk)
Other physical details Bibliography, List of Nobel Laureates in Literature
942 ## - ADDED ENTRY ELEMENTS (KOHA)
Source of classification or shelving scheme Dewey Decimal Classification
Item type English Books
Classification part 833.914
Call number suffix SAR
Holdings
Withdrawn status Lost status Not for loan Collection code Home library Current library Date acquired Source of acquisition Cost, normal purchase price Full call number Barcode Copy number Cost, replacement price Koha item type
      Non-fiction Bawana Bawana 09/02/2022 DBAD/PUB 700.00 833.914 SAR EN-115008 1 700.00 English Books

© Delhi Public Library
Hit Counter
free hit counter